00308 2200121 4500001002100000008004100021035002000062245001700082100001800099260004000117084001900157650001000176INLIS000000000001022 ind  a0010-0325001018 aKun Fayakuun aMansur, Yusuf bLINI ZIKRUL MEDIA INTELEKTUALc2011 a297.4.MAN.K1.1 aAgama